| 000 | 00789nam0a22002411 4500 | ||
|---|---|---|---|
| 001 | RU\NLR\INFOCOMM_36\5000226106 | ||
| 005 | 20250613100609.0 | ||
| 035 | _a(NLR Aleph) 009352741 | ||
| 090 |
_a7812575 _c7812575 |
||
| 100 | _a20101123d1961 |||y0rusy50 ca | ||
| 101 | 0 | _aeng | |
| 102 | _aRU | ||
| 105 | _aa ||||000|y | ||
| 200 | 1 |
_aFunnel for determination of volume weight ЛОВ _eOperation instructions _fR.S.F.S.R. Sovnarkhoz, Kemerovo economic administrative district. Machine-building board. Kuznetsk machine-building plant |
|
| 210 |
_a[M. _d1961] |
||
| 215 |
_a3 с. _cил. _d22 см |
||
| 686 |
_aТх-т42 _2rubbk |
||
| 712 | 0 | 2 |
_aKuznetsk engineering works _4570 |
| 801 | 1 |
_aRU _bNLR _c20101123 |
|
| 801 | 0 |
_aRU _bNLR _gPSBO |
|
| 852 |
_aNLR _jТ45 Г-6/82 |
||
| 942 | _cBOOK | ||
| 980 | _aNB | ||